Svätý Pachomius (K 9. máju.)

Bibliographic Details
Main Author: Šmálik, Štefan, 1908-1991 (Author)
Format: Article
Language:Slovak
Subjects:

MARC

LEADER 00000nab a2200000 a 4500
001 vtls000421067
003 SK-MaSNL
005 20260303002138.0
008 120925c1991 xo 0 slo
015 |a SNBRB19rr/mm-uuuuu 
035 |a CL0421195 
040 |a SNKBUCL  |b slo  |c SNKBUCL  |e AACR2 
041 0 |a slo 
044 |a xo  |c SK 
080 |a 235.3  |2 1981 
080 |a 929 sv. Pachomius  |2 1981 
100 1 |a Šmálik, Štefan,  |d 1908-1991  |4 aut 
245 1 0 |a Svätý Pachomius  |b (K 9. máju.)  |c Štefan Šmálik ; sv. Pachomius 
600 1 7 |a sv. Pachomius  |d ?-346  |x profily  |2 snkbucl  |9 978482 
655 7 |a články z novín a časopisov  |2 snkbucl  |9 267496 
773 0 |t Katolícke noviny  |g Roč. 106, č. 18 (1991), s. 7 
850 |a Slovenská národná knižnica v Martine  |a MTA001 
852 |a SNK  |b KIS3GCP 
958 |a RK 
992 |a RBX 
999 |c 1566464  |d 1568394